Biblioteca ESET

Todos menos uno (Registro nro. 1296)

Detalles MARC
000 -CABECERA
fixed length control field 00667nam a22002297a 4500
003 - CONTROL NUMBER IDENTIFIER
control field AR-BeUNQ
005 - FECHA Y HORA DE LA ULTIMA TRANSACCION
control field 20250604185708.0
008 - ELEMENTOS DE LONGITUD FIJA-INFORMACION GENERAL
fixed length control field 250604b |||||||| |||| 00| 0 spa d
020 ## - NUMERO INTERNACIONAL NORMALIZADO PARA LIBROS
Número Internacional Normalizado del libro 9789507533380
040 ## - FUENTE DE CATALOGACION
Agencia de catalogación original AR-BeUNQ
Agencia que realiza la transcripción AR-BeUNQ
Convenciones de la descripción aacr
082 ## - NUMERO DE CLASIFICACION DECIMAL DEWEYMBER
Número de la edición 21
Número de clasificación 863 VAR
100 10 - ASIENTO PRINCIPAL-NOMBRE PERSONAL
Nombre personal Varriable, Pina
Títulos u otras palabras asociadas al nombre aur.
Fecha asociada al nombre 1957
245 10 - MENCION DE TITULO
Título Todos menos uno
Mención de responsabilidad, etc Pina Varriale
Medio físico libro.
250 ## - MENCION DE EDICION
Mención de edición 1a.ed
260 ## - PUBLICACION, DISTRIBUCION, ETC.
Lugar de publicación, distribución, etc. San Isidro :
Nombre del editor, distribuidor, etc. Cántaro,
Fecha de publicación, distribución, etc 2022.
300 ## - DESCRIPCION FISICA
Extensión 144 p. ;
Dimensiones 22 cm.
490 ## - MENCION DE SERIE
Mención de serie Aldea Literaria
Designación numérica/secuencial del volumen 528
650 ## - ASIENTO SECUNDARIO DE MATERIA - TERMINO TEMATICO
Fuente del encabezamiento o términ tell
Término temático o nombre geográfico como elemento de entrada Literatura
651 ## - ASIENTO SECUNDARIO DE MATERIA - NOMBRE GEOGRAFICO
Fuente del encabezamiento o término unescot
Nombre geográfico Argentina.
929 ## - DATOS DE ADQUISICION
Procedencia DONACION
Proveedor Biblioteca Pedro Goyena
Orden de compra 0
Precio 0
Fecha de recibido 2019
Patrimonio UNQ PAT0083821
Número de inventario 60217
942 ## - ELEMENTOS DE PUNTO DE ACCESO ADICIONAL (KOHA)
Tipo de ítem Koha Libros
Existencias
Estado de retiro Estado de pérdida Ubicación permanente Ubicación actual Ubicación en estantería Fecha de ingreso Total Checkouts Signatura topográfica completa Inventario Date last seen Tipo de ítem Koha Operador
    Biblioteca ESET - UNQ Biblioteca ESET - UNQ CIRCULACION 04/06/2025   A 863 VAR 60217 04/06/2025 Libros Gladys Alarcon

ESET UNQ

☏ 4365-7188
 Avenida República de Francia 1714 entre Doctor Kenny y Concordia, Ezpeleta, Bs As.
✉ secretaria_eset@unq.edu.ar

Con tecnología Koha